| 000 | 00910nmm a2200277 a 4500 | ||
|---|---|---|---|
| 001 | ocm0001864634 | ||
| 003 | TR-IsHL | ||
| 005 | 20201028171802.0 | ||
| 008 | 180330s2015 tu tur | ||
| 007 | cr cn | ||
| 020 | _a9786051510842 | ||
| 035 |
_a1864634 _b(N$T) |
||
| 050 | 0 | 4 |
_aPL248.U98 _bK331 2015 |
| 090 | 0 | 4 |
_aPL248.U98 _bK331 2015 |
| 100 | 1 | _aUzun, Seyit Ahmet | |
| 245 | 1 | 0 |
_aKabirde ilk gece 4: cennet yolcuları _h[electronic resource] / _cSeyit Ahmet Uzun ; editör Erol Şahnacı |
| 260 |
_aİstanbul : _bHayat Yayınları, _c2015 |
||
| 300 | _a313 p. | ||
| 650 | 4 | _aDil ve Edebiyat | |
| 650 | 4 | _aLanguage and Literature | |
| 650 | 0 | _aTürk romanı | |
| 650 | 0 | _aTurkish fiction | |
| 650 | 7 |
_aLITERARY COLLECTIONS / Middle Eastern _2bisacsh |
|
| 700 | 1 | _aŞahnacı, Erol | |
| 856 | 4 | 0 | _uhttp://search.ebscohost.com/login.aspx?direct=true&scope=site&db=e011xww&AN=1864634 |
| 999 |
_c16874 _d16874 |
||